00467nam a2200145Ia 4500008004100000041000800041082001200049100001400061245003000075260004300105300002400148365001100172999001700183952012100200240624s9999 xx 000 0 und d aeng a413 RAJ aRAJ GAGAN aDICTIONARY OF ADVERTISING c2008aMumbaibHimalaya Books Pvt. Ltd. a282 : p. : cm. ; 21 cRSb25 c14836d14836 00144070aIMTNbIMTNcRack 15-Bd2010-03-30eHPHPLg150.00o413 RAJp14836r2024-06-24 00:00:00t1w2024-06-24yBK